Magnitud de un sismo por fallas ubicadas en el valle central.(Algunas implicaciones del terremoto del 4 de marzo de 1924)
Guardado en:
| Hovedforfatter: | |
|---|---|
| Format: | Ukendt |
| Udgivet: |
[San José, Costa Rica]
1981
|
| Tags: |
Tilføj Tag
Ingen Tags, Vær først til at tagge denne postø!
|
MARC
| LEADER | 00000 a2200000 4500 | ||
|---|---|---|---|
| 003 | 002159 | ||
| 005 | 20221231143744.0 | ||
| 008 | 140114s1981 c a m 000 ||s d | ||
| 040 | |c cru CEDI | ||
| 090 | |a TFG 1062 | ||
| 100 | |a Díaz Romagoza, Alvaro |9 15858 | ||
| 245 | |a Magnitud de un sismo por fallas ubicadas en el valle central.(Algunas implicaciones del terremoto del 4 de marzo de 1924) | ||
| 260 | |c 1981 |a [San José, Costa Rica] | ||
| 300 | |a 81 hojas ; 2 planos | ||
| 500 | |a A la cabeza de la portada. Informe del Proyecto Final para Graduación.-Universidad de Costa Rica. Facultad de Ingeniería. Escuela de Ingeniería Civil | ||
| 942 | |c TFG | ||
| 999 | |c 11320 |d 11320 | ||
